K-Pop Groups by Company - Click Quiz - Statistics

General Stats
  • This quiz has been taken 2,132 times
  • The average score is 24 of 30
Answer Stats
Hint Answer % Correct
BTS HYBE
92%
TWICE JYP
90%
Stray Kids JYP
89%
NewJeans HYBE
87%
ITZY JYP
87%
LE SSERAFIM HYBE
86%
BLACKPINK YG
86%
ENHYPEN HYBE
85%
TXT HYBE
85%
aespa SM
84%
ILLIT HYBE
83%
Red Velvet SM
82%
SEVENTEEN HYBE
81%
NMIXX JYP
81%
NCT SM
80%
EXO SM
79%
BABYMONSTER YG
78%
GOT7 JYP
76%
SHINee SM
76%
BIGBANG YG
75%
Girls' Generation SM
74%
2NE1 YG
74%
Super Junior SM
72%
fromis_9 HYBE
71%
Xdinary Heroes JYP
71%
TREASURE YG
69%
Wonder Girls JYP
67%
2PM JYP
66%
RIIZE SM
64%
iKON YG
64%
No matching quizzes found
Score Distribution
Percent of People with Each Score
Percentile by Number Answered
Your Score History
You have not taken this quiz